000 00744nam a2200289Ia 4500
005 20260324121149.0
008 008 260324s9999 xx 000 0 eng d
020 _a9780203084762
037 _aEBOOK
040 _aCRL
040 _beng
040 _cCRL
041 _2eng
041 _aeng
084 _qCRL
100 _aCarmen L. Medina; Karen E. Wohlwend
_91161438
245 0 _aLiteracy, Play and Globalization
245 0 _bConverging Imaginaries in Children's Critical and Cultural Performances
260 _bTaylor and Francis
260 _c2014
365 _a
365 _b160
856 _uhttp://www.taylorfrancis.com/books/9780203084762
942 _cEBOOK
999 _c1753368
_d1753368